000 00496nam a2200169 i 4500
001 64510
003 ES-MaACL
005 20230906165139.0
007 t|
008 031226s1942 sp ||||1| spa d
100 1 _aFont Puig, Pedro.
_951567
245 1 3 _aLa doctrina social del brahamanismo
_b: aspecto social del budismo /
_cPedro Font Puig.
260 _aBarcelona :
_bN.A.G.S.A,
_c1942.
300 _a44 p. ;
_c23 cm.
650 _aBudismo.
_910630
852 _aES-MaACL
_j1843-F-17
_bR.20700
999 _c64510
_d64510